Trăng hai mùa, Thấp thoáng trăm năm : Thơ

Salvato in:
Dettagli Bibliografici
Autore principale: Trần Ninh Hồ
Natura: Libro
Lingua:Undetermined
Pubblicazione: Hà Nội Hội Nhà văn 2014
Soggetti:
Tags: Aggiungi Tag
Nessun Tag, puoi essere il primo ad aggiungerne! !
Thư viện lưu trữ: Trung tâm Học liệu Trường Đại học Cần Thơ
LEADER 00636nam a2200205Ia 4500
001 CTU_209947
008 210402s9999 xx 000 0 und d
082 |a 895.922134 
082 |b Tr121 
100 |a Trần Ninh Hồ 
245 0 |a Trăng hai mùa, Thấp thoáng trăm năm : 
245 0 |b Thơ 
245 0 |c Trần Ninh Hồ 
260 |a Hà Nội 
260 |b Hội Nhà văn 
260 |c 2014 
650 |a Vietnamese literature,Văn học Việt Nam 
650 |y 20th century,Thế kỷ 20 
904 |i Trần Thu Thảo, Trúc 
980 |a Trung tâm Học liệu Trường Đại học Cần Thơ